000 00612nam a2200193Ii 4500
003 JO-AjNU
008 230605s9999||||xx |||||||||||||| ||und||
040 _aJO-AjNU
_bara
_erda
_cJO-AjNU
041 _aara
050 1 4 _aTS155.A2442 1989
100 3 _aحسن ، عادل ,
_eauthor
_952809
245 0 0 _aتخطيط ومراقبة الانتاج
264 3 1 _a بيروت: الدار الجامعية ، 1989
300 _a87ص
336 _atext
_btxt
_2rdacontent
337 _aunmediated
_bn
_2rdamedia
338 _avolume
_bnc
_2rdacarrier
650 4 _aالانتاج- مراقبة وتخطيط
_952810
999 _aA23415
_c26983
_d26983